000 00736nam a22002537a 4500
003 UA-OsUOA
001 24756
007 ta
008 20040302b un ||||| |||| 00| 0 ukr d
100 _aТолстопятенко Г. П.
090 _a347.73
_bТ54
942 _cBK
040 _aUA-OsUOA
_brus
_cUA-OsUOA
_dUA-OsUOA
245 _aЕвропейское налоговое право
_bСравнительно-правовое исследование
300 _a336 с.
955 _a2
041 _arus
080 _a347.73
020 _a5-89123-518-8
260 _aМосква
_bНОРМА
_c2001
044 _aRU
650 7 _a347 Цивільне право. Судовий устрій
_2UDC
999 _c311038
_d311038